00233nam a2200097Ia 4500008004000000082001500040100000600055245002700061260003900088300000800127210210b1969 xxu||||| |||| 00| 0 eng d a910.4 TRAV a- aTravels of Marco Polo. aN YbAirmont Publishing Co.,c1969 a320